[Event "44th Guernsey International Open"]
[Site "?"]
[Date "2018.10.27"]
[Round "7"]
[White "Carlucci, Paul A"]
[Black "Brookfield, Toby"]
[Result "1/2-1/2"]
[WhiteElo "1817"]
[BlackElo "1873"]
[PlyCount "47"]
[EventDate "2018.10.21"]

1. d4 f5 2. Nf3 Nf6 3. e3 e6 4. Be2 Be7 5. O-O O-O 6. b3 d5 7. Bb2 c6 8. c4 Ne4
9. Ne5 Nd7 10. Nd3 Bd6 11. f4 Qe7 12. Nd2 Nxd2 13. Qxd2 Nf6 14. c5 Bc7 15. b4
Bd7 16. a4 Ne4 17. Qc2 Rf6 18. Bf3 Rh6 19. Bxe4 fxe4 20. Ne5 Rf8 21. Qe2 a6 22.
Ng4 Rg6 23. Ne5 Rh6 24. Ng4 1/2-1/2

[Event "44th Guernsey International Open"]
[Site "?"]
[Date "2018.10.27"]
[Round "7"]
[White "Cummins, John"]
[Black "Schadd, Jan"]
[Result "0-1"]
[WhiteElo "1748"]
[BlackElo "1872"]
[PlyCount "104"]
[EventDate "2018.10.21"]

1. e4 e6 2. d4 d5 3. e5 c5 4. c3 Nc6 5. Nf3 Qb6 6. Bd3 Bd7 7. O-O cxd4 8. cxd4
Nxd4 9. Nxd4 Qxd4 10. Qe2 Ne7 11. Nd2 Ng6 12. Bxg6 hxg6 13. Nf3 Qg4 14. Bg5 Rh5
15. Qd2 Bc6 16. Qf4 Qxf4 17. Bxf4 Be7 18. Rfe1 Kd7 19. a3 f5 20. Rac1 g5 21.
Bd2 Rah8 22. h4 g4 23. Nd4 Rxh4 24. Kf1 g5 25. Rc3 f4 26. Rec1 Rh1+ 27. Ke2
Rxc1 28. Bxc1 Rh2 29. Kf1 Bf8 30. Kg1 Rh7 31. g3 Rf7 32. Rc2 Bg7 33. Re2 b6 34.
Rc2 Bb7 35. Re2 Ba6 36. Re1 Bd3 37. gxf4 gxf4 38. Bd2 Be4 39. Rc1 Bxe5 40. Nc6
Bxb2 41. Nb8+ Kd6 42. Bb4+ Ke5 43. Nc6+ Kf5 44. Ne7+ Kg5 45. Rc8 Rh7 46. f3
Bd4+ 47. Kf1 Rh1+ 48. Ke2 gxf3+ 49. Kd2 Be3+ 50. Kc3 Rc1+ 51. Kb2 Rxc8 52. Nxc8
f2 0-1

[Event "Guernsey International Holiday"]
[Site "?"]
[Date "2018.10.21"]
[Round "1"]
[White "Bakkes, Frits"]
[Black "Van Hoek, Wim"]
[Result "0-1"]
[WhiteElo "1650"]
[BlackElo "1882"]
[PlyCount "58"]
[EventDate "2018.10.21"]
[EventType "swiss"]
[EventRounds "7"]

1. e4 e5 2. Nf3 Nc6 3. Bb5 f5 4. d3 fxe4 5. dxe4 Nf6 6. O-O d6 7. Nc3 Be7 8.
Re1 O-O 9. Nd5 Kh8 10. c3 Bg4 11. Nxf6 Bxf6 12. Be2 Be6 13. b4 h6 14. b5 Ne7
15. h3 Ng6 16. a4 Qd7 17. Nh2 Bh4 18. Be3 Rf6 19. Ng4 Rf7 20. Bxh6 gxh6 21. g3
Bg5 22. h4 Nxh4 23. f4 exf4 24. gxh4 Bxh4 25. e5 Rg7 26. Qd4 Bxg4 27. Kh1 Bxe2
28. Rxe2 Qh3+ 29. Rh2 Qf3+ 0-1

[Event "Guernsey International Holiday"]
[Site "?"]
[Date "2018.10.21"]
[Round "1"]
[White "Strade, Arita"]
[Black "Collins, Alan"]
[Result "1-0"]
[WhiteElo "1846"]
[BlackElo "1650"]
[PlyCount "65"]
[EventDate "2018.10.21"]
[EventType "swiss"]
[EventRounds "7"]

1. e4 d6 2. d4 Nf6 3. Nc3 c6 4. h3 e6 5. Nf3 Be7 6. a4 d5 7. exd5 cxd5 8. Bf4
a6 9. Ne5 Nc6 10. Be2 O-O 11. O-O Qb6 12. a5 Nxa5 13. Na4 Qd8 14. Nc5 Nc6 15.
Nxc6 bxc6 16. Ra3 Nd7 17. b4 Nxc5 18. bxc5 Bf6 19. Qa1 Re8 20. Rb1 a5 21. Rb6
Bd7 22. Ba6 Bg5 23. Bg3 Bd2 24. Rd3 Bh6 25. Qa4 f5 26. Be5 g5 27. Bb7 Ra7 28.
Bxc6 Bxc6 29. Qxc6 a4 30. Rb8 Qxb8 31. Bxb8 Rxb8 32. Qxe6+ Kh8 33. Qe5+ 1-0

[Event "Guernsey International Holiday"]
[Site "?"]
[Date "2018.10.21"]
[Round "1"]
[White "Ruigrok, Jacques"]
[Black "Nevska, Gerda"]
[Result "1/2-1/2"]
[WhiteElo "1645"]
[BlackElo "1819"]
[PlyCount "43"]
[EventDate "2018.10.21"]
[EventType "swiss"]
[EventRounds "7"]

1. e4 c5 2. d4 cxd4 3. c3 dxc3 4. Nxc3 Nc6 5. Nf3 g6 6. h4 d6 7. h5 gxh5 8.
Rxh5 Nf6 9. Rh1 Bg4 10. Be3 Qa5 11. Qd3 Nd7 12. Qd5 Qxd5 13. Nxd5 Rc8 14. Rc1
e6 15. Bd4 e5 16. Be3 Bg7 17. Bh6 Rg8 18. Bxg7 Rxg7 19. Nd2 Be6 20. Nc4 Kf8 21.
Nxd6 Rb8 22. a3 1/2-1/2

[Event "Guernsey International Holiday"]
[Site "?"]
[Date "2018.10.21"]
[Round "1"]
[White "Dennis, Nigel W"]
[Black "Colsen, Manuel"]
[Result "1/2-1/2"]
[WhiteElo "1801"]
[BlackElo "1628"]
[PlyCount "41"]
[EventDate "2018.10.21"]
[EventType "swiss"]
[EventRounds "7"]

1. e4 c6 2. d4 d5 3. exd5 cxd5 4. c4 e6 5. Nf3 Nc6 6. Nc3 Nf6 7. Bg5 Be7 8. Be2
O-O 9. O-O a6 10. a3 dxc4 11. Bxc4 b5 12. Bd3 Bb7 13. Rc1 Rc8 14. Re1 g6 15.
Bb1 b4 16. axb4 Nxb4 17. Ne4 Rxc1 18. Qxc1 Nxe4 19. Bxe7 Qxe7 20. Bxe4 Kg7 21.
Bxb7 1/2-1/2

[Event "Guernsey International Holiday"]
[Site "?"]
[Date "2018.10.21"]
[Round "1"]
[White "Finch, Russell"]
[Black "Haisma, Henk"]
[Result "0-1"]
[WhiteElo "1622"]
[BlackElo "1787"]
[PlyCount "68"]
[EventDate "2018.10.21"]
[EventType "swiss"]
[EventRounds "7"]

1. d4 d5 2. Bf4 Nf6 3. e3 Nbd7 4. Nf3 Nh5 5. Bg3 Nxg3 6. hxg3 g6 7. Nbd2 Nf6 8.
Bd3 Bg7 9. Ne5 c6 10. f4 Nd7 11. Ndf3 Nf8 12. Qe2 f6 13. Ng5 fxg5 14. fxg5 Bxe5
15. dxe5 Qa5+ 16. c3 Be6 17. Qf3 O-O-O 18. Rh4 Nd7 19. Bc2 Nxe5 20. Qf4 Nc4 21.
b4 Qa6 22. Qd4 Bf7 23. Qc5 Rd6 24. Bd3 Qa3 25. Rd1 Qxc3+ 26. Ke2 b6 27. Qd4
Qxd4 28. Rxd4 Nb2 29. Ba6+ Kc7 30. Rc1 e5 31. Rd2 Nc4 32. Rdc2 h5 33. a4 b5 34.
axb5 cxb5 0-1

[Event "Guernsey International Holiday"]
[Site "?"]
[Date "2018.10.21"]
[Round "1"]
[White "Hoogakker, Peter"]
[Black "Brown, Geoffrey D"]
[Result "0-1"]
[WhiteElo "1787"]
[BlackElo "1612"]
[PlyCount "128"]
[EventDate "2018.10.21"]
[EventType "swiss"]
[EventRounds "7"]

1. e4 c5 2. Nf3 d6 3. c3 Nf6 4. Be2 g6 5. O-O Bg7 6. d3 Nc6 7. Bg5 Qb6 8. Qc2
Bd7 9. Nbd2 Rc8 10. Nc4 Qc7 11. a4 O-O 12. Nfd2 h6 13. Bh4 Bg4 14. f3 Be6 15.
Ne3 Qd7 16. Qd1 d5 17. exd5 Bxd5 18. Nxd5 Nxd5 19. Bf2 b6 20. Re1 Nf4 21. Nb3
Rfd8 22. Nc1 Qf5 23. Bf1 e5 24. Re4 Qg5 25. Bg3 Nd5 26. Bh4 Qf5 27. Bxd8 Rxd8
28. Ne2 h5 29. Ng3 Qd7 30. Qe1 f5 31. Re2 Nf4 32. Rd2 h4 33. Ne2 Nxe2+ 34. Bxe2
Qe7 35. Rdd1 Qg5 36. Rac1 Ne7 37. c4 Nc6 38. Bf1 Nd4 39. Kh1 Qf6 40. b4 f4 41.
bxc5 Nb3 42. Rb1 Nxc5 43. Ra1 Nb3 44. Rab1 Nd4 45. Qe4 Rd7 46. Rd2 Nf5 47. Qa8+
Bf8 48. Ra2 Kg7 49. Qc8 Rf7 50. a5 Bc5 51. axb6 axb6 52. Ra8 Rf8 53. Ra7+ Kh6
54. Qd7 Rh8 55. h3 Kg5 56. Re1 Rd8 57. Qc7 e4 58. fxe4 Ng3+ 59. Kh2 Qd4 60. Be2
Nxe2 61. Rf1 f3 62. gxf3 Bd6+ 63. f4+ Bxf4+ 64. Rxf4 Qg1# 0-1

[Event "Guernsey International Holiday"]
[Site "?"]
[Date "2018.10.21"]
[Round "1"]
[White "Gibson, John"]
[Black "O'Connell, Denis"]
[Result "0-1"]
[WhiteElo "1608"]
[BlackElo "1783"]
[PlyCount "144"]
[EventDate "2018.10.21"]
[EventType "swiss"]
[EventRounds "7"]

1. d4 d5 2. Nf3 Nc6 3. e3 Nf6 4. b3 Bf5 5. a3 a6 6. Bb2 e6 7. Be2 Be7 8. O-O
Ne4 9. Nbd2 h5 10. Ne5 Nxe5 11. dxe5 h4 12. Nxe4 dxe4 13. h3 Bg5 14. Qe1 Qe7
15. Qc3 O-O-O 16. a4 f6 17. Ba3 Qf7 18. Rad1 fxe5 19. Qc5 Kb8 20. Qb4 Ka7 21.
Qa5 Rxd1 22. Rxd1 Rd8 23. Bc5+ Kb8 24. Rxd8+ Bxd8 25. Ba3 Qd7 26. Qb4 Ka7 27.
Bb2 Be7 28. Qc3 Bd6 29. Qd2 Qc6 30. c4 Qc5 31. Bc3 Qa3 32. Qb2 Qxb2 33. Bxb2 a5
34. c5 Bxc5 35. Bxe5 Bd6 36. Bxg7 Be7 37. Bg4 Kb6 38. Bd4+ Kc6 39. Be2 Kd6 40.
Kf1 e5 41. Bc3 b6 42. b4 axb4 43. Bxb4+ c5 44. Bc3 Bd7 45. Bd1 Kd5 46. Ke1 Bd6
47. Kd2 c4 48. f3 exf3 49. Bxf3+ e4 50. Bd1 Be5 51. Bxe5 Kxe5 52. Kc3 Kd5 53.
Kb4 Bc6 54. Be2 c3 55. Bd1 Bd7 56. Bb3+ Kc6 57. Kxc3 Kc5 58. Bc2 Bc6 59. Bd1
Bd7 60. Kb3 Be6+ 61. Ka3 Bc4 62. Bc2 Bd3 63. Bd1 Bf1 64. Bg4 Kc4 65. Bd7 Bxg2
66. Bg4 Kc3 67. a5 bxa5 68. Ka4 Kd3 69. Kxa5 Kxe3 70. Kb5 Kd2 71. Kc5 e3 72.
Kc4 e2 0-1

[Event "Guernsey International Holiday"]
[Site "?"]
[Date "2018.10.21"]
[Round "1"]
[White "Baart, Edwin"]
[Black "Kearsley, Raymond J"]
[Result "1-0"]
[WhiteElo "1774"]
[BlackElo "1590"]
[PlyCount "115"]
[EventDate "2018.10.21"]
[EventType "swiss"]
[EventRounds "7"]

1. d4 d5 2. Nf3 Bf5 3. c4 e6 4. Nc3 c6 5. Qb3 Qb6 6. e3 Qxb3 7. axb3 Na6 8. Be2
Nb4 9. O-O Nf6 10. Nh4 Bc2 11. Bd1 Be7 12. Nf3 O-O 13. Ne1 Bg6 14. Bd2 Rfc8 15.
Ne2 dxc4 16. Bxb4 Bxb4 17. bxc4 Bxe1 18. Rxe1 c5 19. dxc5 Rxc5 20. b3 a6 21.
Nf4 Rd8 22. Nxg6 hxg6 23. Bf3 b5 24. Rxa6 bxc4 25. bxc4 Rxc4 26. Raa1 Rd2 27.
Red1 Rcc2 28. Rxd2 Rxd2 29. Rd1 Rxd1+ 30. Bxd1 Kf8 31. f4 Ke7 32. Kf2 Kd6 33.
Kf3 Nd7 34. Ba4 Nc5 35. Be8 Ke7 36. Bb5 f5 37. h4 Ne4 38. Bd3 Nf6 39. e4 Ng4
40. e5 Nh2+ 41. Kg3 Ng4 42. Be2 Ne3 43. Kf2 Nd5 44. g3 Kf7 45. Bf3 Nc7 46. Ke3
Ke7 47. Kd4 Kd7 48. Kc5 Na6+ 49. Kb5 Nc7+ 50. Kb6 Nd5+ 51. Bxd5 exd5 52. Kc5 d4
53. Kxd4 Ke6 54. Kc5 Ke7 55. Kd5 Kd7 56. e6+ Ke7 57. Ke5 Ke8 58. Kd6 1-0

[Event "Guernsey International Holiday"]
[Site "?"]
[Date "2018.10.21"]
[Round "1"]
[White "Beadle, John R"]
[Black "Turner, David J"]
[Result "1/2-1/2"]
[WhiteElo "1565"]
[BlackElo "1763"]
[PlyCount "90"]
[EventDate "2018.10.21"]
[EventType "swiss"]
[EventRounds "7"]

1. e4 d6 2. d4 Nf6 3. Nc3 g6 4. h3 a6 5. a4 Nbd7 6. Nf3 c5 7. Be3 Qa5 8. Qd2
Rb8 9. Bd3 b5 10. Nd5 Qxd2+ 11. Kxd2 Nxd5 12. exd5 c4 13. Be2 Nf6 14. axb5 axb5
15. Rhd1 Nxd5 16. Bg5 h6 17. Bh4 Bg7 18. c3 O-O 19. Nh2 Bf6 20. Bg3 Bg5+ 21.
Ke1 Bf4 22. Bxf4 Nxf4 23. Bf1 Bf5 24. Ra7 Rfe8 25. Ng4 Kg7 26. Ne3 Bd3 27. b4
e6 28. Bxd3 Nxd3+ 29. Kf1 Nb2 30. Rc1 Ra8 31. Rb7 Reb8 32. Rxb8 Rxb8 33. Ra1
Na4 34. Nxc4 Nxc3 35. Nxd6 Rd8 36. Ra6 Nd5 37. Nxb5 Nxb4 38. Ra7 Nc6 39. Ra4
Rd5 40. Rc4 Rxb5 41. Rxc6 Rb4 42. Rd6 Kf6 43. Rd7 g5 44. Ke2 h5 45. g3 Ra4
1/2-1/2

[Event "Guernsey International Holiday"]
[Site "?"]
[Date "2018.10.21"]
[Round "1"]
[White "Stanners, Michael J"]
[Black "Huba, Mark J"]
[Result "1-0"]
[WhiteElo "1762"]
[BlackElo "1556"]
[PlyCount "76"]
[EventDate "2018.10.21"]
[EventType "swiss"]
[EventRounds "7"]

1. d4 e6 2. e3 d5 3. f4 Nf6 4. Nd2 c5 5. c3 b6 6. Bd3 Ba6 7. Bxa6 Nxa6 8. Qa4+
Qd7 9. Qxa6 cxd4 10. exd4 Bd6 11. Nh3 O-O 12. Qd3 h6 13. O-O Ng4 14. Nf3 Nf6
15. Ne5 Bxe5 16. fxe5 Ne8 17. g4 f5 18. gxf5 exf5 19. Bd2 g5 20. Rae1 Qe6 21.
b3 Nc7 22. c4 f4 23. cxd5 Qg4+ 24. Kh1 f3 25. Rg1 Qxh3 26. Rg3 Qf5 27. Qxf5
Rxf5 28. Rf1 Rd8 29. d6 Ne6 30. Bc3 Rdf8 31. b4 a5 32. a3 axb4 33. axb4 Rf4 34.
d5 Nd4 35. d7 Ne2 36. e6 Nxg3+ 37. hxg3 Re4 38. Bf6 Rxf6 1-0

[Event "Guernsey International Holiday"]
[Site "?"]
[Date "2018.10.21"]
[Round "1"]
[White "Rowe, Oliver"]
[Black "Heesen, Jos"]
[Result "0-1"]
[WhiteElo "1553"]
[BlackElo "1760"]
[PlyCount "30"]
[EventDate "2018.10.21"]
[EventType "swiss"]
[EventRounds "7"]

1. d4 e6 2. Bf4 b6 3. Nf3 Bb7 4. e3 f5 5. Be2 Nf6 6. O-O Be7 7. h3 O-O 8. c4
Ne4 9. Nbd2 d6 10. Nxe4 fxe4 11. Nd2 Bg5 12. Bxg5 Qxg5 13. Bg4 Rf6 14. f3 Qxe3+
15. Kh1 Qxd4 0-1

[Event "Guernsey International Holiday"]
[Site "?"]
[Date "2018.10.21"]
[Round "1"]
[White "Nielsen, Jorgen Holmstrom"]
[Black "Foster, Paul"]
[Result "0-1"]
[WhiteElo "1748"]
[BlackElo "1540"]
[PlyCount "94"]
[EventDate "2018.10.21"]
[EventType "swiss"]
[EventRounds "7"]

1. Nc3 Nf6 2. e4 e5 3. Nf3 d6 4. d4 exd4 5. Nxd4 Be7 6. Nf5 Bxf5 7. exf5 Nbd7
8. Bc4 c6 9. O-O d5 10. Be2 Qc7 11. Re1 O-O 12. f4 Bc5+ 13. Kh1 d4 14. Nb1 Ne4
15. Rf1 Ndf6 16. Nd2 Qd7 17. Nxe4 Nxe4 18. Bg4 f6 19. a3 Rad8 20. b4 Bb6 21.
Qd3 Rfe8 22. h3 Re7 23. Bb2 Qd5 24. Kh2 Rde8 25. Rad1 Nc3 26. Bxc3 Re3 27. Qd2
Rxc3 28. Rfe1 Ree3 29. Rxe3 Rxe3 30. Re1 Qe4 31. Rf1 Rxa3 32. Qe2 Qxe2 33. Bxe2
Kf8 34. Bd3 c5 35. bxc5 Bxc5 36. Re1 Rxd3 37. cxd3 a5 38. Ra1 Bb4 39. g3 b5 40.
Kg2 a4 41. Kf3 Ke7 42. Rb1 a3 43. Ra1 Kd6 44. g4 Bc5 45. Ke2 b4 46. Kd2 b3 47.
Re1 Bb4+ 0-1

[Event "Guernsey International Holiday"]
[Site "?"]
[Date "2018.10.21"]
[Round "1"]
[White "Jones, Sidney A"]
[Black "Kirk, Matthew"]
[Result "0-1"]
[WhiteElo "1488"]
[BlackElo "1732"]
[PlyCount "82"]
[EventDate "2018.10.21"]
[EventType "swiss"]
[EventRounds "7"]

1. d4 d5 2. c4 c6 3. Nf3 Nf6 4. Nc3 e6 5. Bg5 Be7 6. e3 O-O 7. Bd3 dxc4 8. Bxc4
b5 9. Bd3 Bb7 10. O-O Nbd7 11. Rc1 Rc8 12. a3 a5 13. Ne4 Nxe4 14. Bxe7 Qxe7 15.
Bxe4 Nf6 16. Nd2 e5 17. Qf3 exd4 18. Bxc6 Bxc6 19. Rxc6 dxe3 20. Rxc8 exf2+ 21.
Qxf2 Rxc8 22. Qf5 Qc5+ 23. Qxc5 Rxc5 24. Nb3 Rc2 25. Rf2 Rxf2 26. Kxf2 a4 27.
h3 axb3 28. Ke3 Kf8 29. Kd4 Ke7 30. Kc5 Kd7 31. Kxb5 Kc7 32. a4 Nh5 33. Kb4 Nf4
34. Kxb3 Nxg2 35. Kc4 Nf4 36. h4 Ne6 37. b4 h5 38. b5 g5 39. hxg5 h4 40. a5 h3
41. b6+ Kb7 0-1

[Event "Guernsey International Holiday"]
[Site "?"]
[Date "2018.10.21"]
[Round "1"]
[White "Harnden, Terry"]
[Black "Glover, John"]
[Result "1/2-1/2"]
[WhiteElo "1428"]
[BlackElo "1717"]
[PlyCount "64"]
[EventDate "2018.10.21"]
[EventType "swiss"]
[EventRounds "7"]

1. e4 d5 2. exd5 Qxd5 3. Nc3 Qd6 4. Nf3 Nf6 5. Bc4 e6 6. d3 a6 7. a3 b5 8. Bb3
Bb7 9. h3 Be7 10. Bg5 Nbd7 11. O-O h6 12. Bh4 c5 13. Bg3 Qc6 14. Qe2 O-O 15.
Rfe1 Bd6 16. Ne4 Nxe4 17. dxe4 Bxg3 18. fxg3 c4 19. Ba2 e5 20. c3 Rad8 21. Rad1
f6 22. Bb1 Nc5 23. Bc2 Rd3 24. Nh4 Rfd8 25. Nf5 R3d7 26. Ne7+ Rxe7 27. Rxd8+
Re8 28. Rxe8+ Qxe8 29. Rd1 Qa8 30. Re1 Qd8 31. Rd1 Qa8 32. Re1 Qd8 1/2-1/2

[Event "Guernsey International Holiday"]
[Site "?"]
[Date "2018.10.21"]
[Round "1"]
[White "Remie, Peter"]
[Black "Bennett, David"]
[Result "1/2-1/2"]
[WhiteElo "1714"]
[BlackElo "1383"]
[PlyCount "80"]
[EventDate "2018.10.21"]
[EventType "swiss"]
[EventRounds "7"]

1. d4 c5 2. d5 Nf6 3. c4 d6 4. Nc3 Bf5 5. Nf3 Nbd7 6. e3 g6 7. Nh4 e6 8. Nxf5
exf5 9. Be2 Bg7 10. Nb5 O-O 11. Bd2 Qb6 12. Rb1 a6 13. Nc3 Ne4 14. Qc2 Rfe8 15.
O-O Qd8 16. Bf3 Ng5 17. Be2 Nf6 18. f3 h6 19. h4 Ngh7 20. e4 fxe4 21. fxe4 Qe7
22. Bf3 Qe5 23. Be3 Rab8 24. a4 Nh5 25. Bxh5 Qxh5 26. Qf2 Rf8 27. Rbe1 Nf6 28.
Qf4 Rbd8 29. Ne2 Qg4 30. g3 Qd7 31. Nc3 Nh5 32. Qf3 Rde8 33. Bd2 Re5 34. g4 Nf6
35. Bf4 Re7 36. Qg3 Rc8 37. Bxd6 Ree8 38. Be5 Qxg4 39. Qxg4 Nxg4 40. Bxg7 Kxg7
1/2-1/2

[Event "Guernsey International Holiday"]
[Site "?"]
[Date "2018.10.21"]
[Round "1"]
[White "Nalichowski, Bogdan"]
[Black "Kershaw, Graham"]
[Result "1-0"]
[WhiteElo "1378"]
[BlackElo "1712"]
[PlyCount "63"]
[EventDate "2018.10.21"]
[EventType "swiss"]
[EventRounds "7"]

1. e4 e6 2. d4 d5 3. e5 c5 4. Nf3 Nc6 5. c3 Qb6 6. Bd3 Bd7 7. O-O cxd4 8. Re1
dxc3 9. Nxc3 Nb4 10. Be2 Bc5 11. Rf1 d4 12. Na4 Bxa4 13. Qxa4+ Nc6 14. a3 a5
15. Bb5 Rc8 16. b4 axb4 17. axb4 Be7 18. Bd2 Kf8 19. Rfc1 f6 20. Rc4 Qd8 21.
Bxc6 bxc6 22. Rxc6 fxe5 23. b5 Bf6 24. Rxe6 Ne7 25. Bb4 Kf7 26. Bxe7 Bxe7 27.
Rxe5 Kf6 28. Qb3 Kg6 29. Qd3+ Kf7 30. Rf5+ Bf6 31. Qd2 Qd7 32. Ne5+ 1-0

[Event "Guernsey International Holiday"]
[Site "?"]
[Date "2018.10.21"]
[Round "1"]
[White "Bateman, Kerry"]
[Black "Hall, Alan"]
[Result "1/2-1/2"]
[WhiteElo "1710"]
[BlackElo "1731"]
[PlyCount "61"]
[EventDate "2018.10.21"]
[EventType "swiss"]
[EventRounds "7"]

1. e4 e5 2. Nf3 Nf6 3. Nxe5 d6 4. Nf3 Nxe4 5. Qe2 Qe7 6. d3 Nf6 7. Bg5 Qxe2+ 8.
Bxe2 Be7 9. Nc3 c6 10. O-O O-O 11. Rae1 Na6 12. Bd1 Be6 13. Ne4 Nxe4 14. Rxe4
Rfe8 15. Bxe7 Rxe7 16. Rfe1 Rae8 17. Nd4 Nc5 18. R4e3 Kf8 19. b4 Nd7 20. c4 Nf6
21. h3 Bd7 22. Rxe7 Rxe7 23. Rxe7 Kxe7 24. Bf3 c5 25. bxc5 dxc5 26. Ne2 Bf5 27.
d4 Bd3 28. dxc5 Bxc4 29. Nc3 Nd7 30. c6 bxc6 31. Bxc6 1/2-1/2

[Event "Guernsey International Holiday"]
[Site "?"]
[Date "2018.10.21"]
[Round "1"]
[White "Shek, Daniel"]
[Black "Goris Schouwstra, Adry"]
[Result "1/2-1/2"]
[WhiteElo "1304"]
[BlackElo "1697"]
[PlyCount "102"]
[EventDate "2018.10.21"]
[EventType "swiss"]
[EventRounds "7"]

1. d4 d5 2. c4 e6 3. Nf3 Be7 4. g3 Nf6 5. Bg2 c6 6. O-O O-O 7. Nc3 Nbd7 8. Re1
Re8 9. Bf4 Nf8 10. Ne5 N6d7 11. e4 Nxe5 12. Bxe5 Ng6 13. exd5 f6 14. dxc6 fxe5
15. cxb7 Bxb7 16. Bxb7 Rb8 17. Bc6 Rf8 18. dxe5 Qb6 19. Bf3 Qxb2 20. Rc1 Rbd8
21. Qe2 Qa3 22. Bg4 Qa6 23. Nb5 Bc5 24. Rf1 Qb6 25. Nd6 Qc7 26. Bxe6+ Kh8 27.
Nf7+ Rxf7 28. Bxf7 Qxf7 29. e6 Qe7 30. Rcd1 Re8 31. Rfe1 Nf8 32. Rd5 h6 33. Qh5
Rc8 34. Ree5 Nxe6 35. Rxe6 Bxf2+ 36. Kxf2 Qxe6 37. c5 Rf8+ 38. Kg2 Qe4+ 39. Kh3
Qe6+ 40. Kh4 Rf2 41. h3 Qf6+ 42. Kg4 Qf3+ 43. Kh4 Qe4+ 44. g4 Qe7+ 45. Kg3 Rxa2
46. Qe5 Ra3+ 47. Kg2 Qb7 48. Qe8+ Kh7 49. Qe4+ g6 50. Qd4 Ra2+ 51. Kg3 Ra3+
1/2-1/2

[Event "Guernsey International Holiday"]
[Site "?"]
[Date "2018.10.22"]
[Round "2"]
[White "Van Hoek, Wim"]
[Black "Kirk, Matthew"]
[Result "0-1"]
[WhiteElo "1882"]
[BlackElo "1732"]
[PlyCount "62"]
[EventDate "2018.10.21"]
[EventType "swiss"]
[EventRounds "7"]

1. d4 d5 2. e3 Nf6 3. f4 Bf5 4. Nf3 e6 5. Be2 Be7 6. O-O O-O 7. Ne5 h6 8. Nd2
Nbd7 9. b3 Nxe5 10. fxe5 Ne4 11. Nxe4 Bxe4 12. Bd3 Bxd3 13. Qxd3 c5 14. Bb2 Rc8
15. c4 dxc4 16. bxc4 cxd4 17. exd4 Qb6 18. Rab1 Qa6 19. Rfc1 Rfd8 20. Qb3 Bg5
21. Rc2 Qc6 22. Re1 Rd7 23. Kh1 b5 24. d5 exd5 25. e6 fxe6 26. Qh3 dxc4 27.
Rce2 Re8 28. Qh5 Rd2 29. Rxd2 Bxd2 30. Qg6 c3 31. Rf1 cxb2 0-1

[Event "Guernsey International Holiday"]
[Site "?"]
[Date "2018.10.22"]
[Round "2"]
[White "Foran, Barry"]
[Black "Strade, Arita"]
[Result "0-1"]
[WhiteElo "1688"]
[BlackElo "1846"]
[PlyCount "57"]
[EventDate "2018.10.21"]
[EventType "swiss"]
[EventRounds "7"]

1. d4 Nf6 2. Nf3 e6 3. e3 b6 4. Bd3 Bb7 5. O-O Be7 6. c4 O-O 7. Nc3 d5 8. b3
Ne4 9. Qc2 f5 10. cxd5 exd5 11. Ne5 Rf6 12. Ne2 Nc6 13. a3 g6 14. Nf4 Nxe5 15.
dxe5 Rc6 16. Qd1 g5 17. Nxd5 Qxd5 18. Bc4 Rxc4 19. Qxd5+ Bxd5 20. bxc4 Bxc4 21.
Rd1 Be6 22. Bb2 Nc5 23. Rac1 Rc8 24. Bd4 Nb3 25. Rc6 Bd5 26. Rh6 c6 27. a4 Kg7
28. Rh3 g4 29. Rg3 0-1

[Event "Guernsey International Holiday"]
[Site "?"]
[Date "2018.10.22"]
[Round "2"]
[White "Haisma, Henk"]
[Black "O'Brien, Paul W"]
[Result "1-0"]
[WhiteElo "1787"]
[BlackElo "1654"]
[PlyCount "47"]
[EventDate "2018.10.21"]
[EventType "swiss"]
[EventRounds "7"]

1. b4 f5 2. Bb2 Nf6 3. a3 d6 4. e3 e5 5. d4 e4 6. Bc4 d5 7. Bb3 Bd6 8. c4 c6 9.
Ne2 Be6 10. cxd5 cxd5 11. Nbc3 O-O 12. Nb5 Nc6 13. Nxd6 Qxd6 14. Nf4 Bd7 15. h4
Ne7 16. h5 Ng4 17. Qd2 Rac8 18. a4 a6 19. b5 axb5 20. Ba3 b4 21. Qxb4 Qxb4+ 22.
Bxb4 Rf7 23. Nxd5 Be6 24. Bxe7 1-0

[Event "Guernsey International Holiday"]
[Site "?"]
[Date "2018.10.22"]
[Round "2"]
[White "O'Connell, Denis"]
[Black "Maurus, Mickey"]
[Result "1-0"]
[WhiteElo "1783"]
[BlackElo "1435"]
[PlyCount "135"]
[EventDate "2018.10.21"]
[EventType "swiss"]
[EventRounds "7"]

1. e4 c6 2. Nc3 d5 3. Qf3 dxe4 4. Nxe4 Nd7 5. d4 Ngf6 6. Nxf6+ Nxf6 7. c3 e6 8.
Qg3 Bd7 9. Bd3 g6 10. Bg5 Be7 11. Bh6 Qb6 12. b3 O-O-O 13. Ne2 Qc7 14. Qxc7+
Kxc7 15. Bf4+ Kc8 16. O-O Nh5 17. Be3 Bd6 18. a4 e5 19. dxe5 Bxe5 20. Bxa7 Nf4
21. Nxf4 Bxf4 22. Bb6 Bc7 23. Bxc7 Kxc7 24. Bc4 f6 25. Rad1 Bf5 26. Rfe1 Rd7
27. Rxd7+ Kxd7 28. f3 Kd6 29. g4 Bd7 30. Rd1+ Kc7 31. Kf2 Re8 32. Re1 Rxe1 33.
Kxe1 Kd6 34. Ke2 Ke5 35. Ke3 f5 36. f4+ Kd6 37. g5 Be6 38. Bxe6 Kxe6 39. Kd4
Kd6 40. b4 Ke6 41. c4 Kd6 42. a5 Kd7 43. Kc5 Kc7 44. b5 cxb5 45. Kxb5 Kc8 46.
Kb6 Kb8 47. a6 bxa6 48. Kxa6 Kc7 49. Kb5 Kb7 50. Kc5 Kc7 51. h3 Kd7 52. Kb6 Kc8
53. Kc6 Kd8 54. Kb7 Kd7 55. c5 Kd8 56. c6 Ke7 57. c7 Kd6 58. c8=Q Kd5 59. Qe8
Kd4 60. Kc6 Kd3 61. Kc5 Kd2 62. Kc4 h6 63. gxh6 Kd1 64. Kc3 g5 65. h7 gxf4 66.
h8=Q f3 67. Qd4+ Kc1 68. Qe1# 1-0

[Event "Guernsey International Holiday"]
[Site "?"]
[Date "2018.10.22"]
[Round "2"]
[White "Brown, Geoffrey D"]
[Black "Baart, Edwin"]
[Result "1-0"]
[WhiteElo "1612"]
[BlackElo "1774"]
[PlyCount "87"]
[EventDate "2018.10.21"]
[EventType "swiss"]
[EventRounds "7"]

1. e4 e5 2. Nf3 Nc6 3. Bb5 a6 4. Ba4 b5 5. Bb3 Nf6 6. d3 d6 7. c3 Be7 8. Nbd2
O-O 9. Nf1 Na5 10. Bc2 c5 11. Ng3 Bg4 12. O-O Nc6 13. h3 Bxf3 14. Qxf3 b4 15.
Nf5 Ne8 16. Be3 Bf6 17. g4 Ne7 18. g5 Nxf5 19. gxf6 Nxe3 20. fxe3 Qxf6 21. Qe2
Qe7 22. Rf3 Nc7 23. Raf1 bxc3 24. bxc3 Nb5 25. Qe1 Rab8 26. Bb3 Nc7 27. Rxf7
Rxf7 28. Bxf7+ Kh8 29. Bc4 h6 30. Qg3 Rf8 31. Rxf8+ Qxf8 32. a4 a5 33. Qg4 Kh7
34. Kg2 Qe8 35. Kf2 Qf8+ 36. Ke2 Qe7 37. d4 Qg5 38. Qc8 Qg2+ 39. Ke1 Qg1+ 40.
Kd2 Qf2+ 41. Kd1 Qg1+ 42. Kc2 Qf2+ 43. Kb3 Qg1 44. Bg8+ 1-0

[Event "Guernsey International Holiday"]
[Site "?"]
[Date "2018.10.22"]
[Round "2"]
[White "Foster, Paul"]
[Black "Stanners, Michael J"]
[Result "1/2-1/2"]
[WhiteElo "1540"]
[BlackElo "1762"]
[PlyCount "83"]
[EventDate "2018.10.21"]
[EventType "swiss"]
[EventRounds "7"]

1. e4 d6 2. d4 Nf6 3. Nc3 c6 4. Nf3 Bg4 5. h3 Bh5 6. Be2 e6 7. Be3 Be7 8. Qd2
Bg6 9. Bd3 d5 10. e5 Nfd7 11. O-O c5 12. Ne2 Nc6 13. Bxg6 hxg6 14. c3 Qb6 15.
dxc5 Bxc5 16. Bd4 Nxd4 17. cxd4 Be7 18. Rac1 O-O 19. Rc2 Nb8 20. Nc1 Na6 21. a3
Rac8 22. Nd3 Rc6 23. Rfc1 Rfc8 24. b4 Rxc2 25. Rxc2 Rc6 26. Nc5 Nxc5 27. bxc5
Qb1+ 28. Kh2 Qb5 29. Rb2 Qa6 30. Ne1 b6 31. Nd3 bxc5 32. Rb8+ Rc8 33. Rxc8+
Qxc8 34. dxc5 Qc7 35. Qb4 g5 36. g3 f6 37. f4 gxf4 38. gxf4 fxe5 39. fxe5 Bf6
40. Qf4 Be7 41. Qb4 Bf6 42. Qf4 1/2-1/2